000 00629nas a2200217 4500
001 BR9212383
003 BR-BrBNA
005 20231205095230.0
007 ta
008 230509b bl.|||p| |||| 00| 00por d
040 _aBR-BrBNA
_bpor
_cBiblioteca Nacional de Agricultura
041 _a(Pt)
072 _aE10
100 1 _aSzuter, N.
245 1 _aOs efeitos da Lei 8.200 sobre os balancos de 1991
650 _aInflacao
650 _aContabilidade
773 0 _tConjuntura Economica (Brazil)
_xISSN 0010-5945
_g(May 1992), v. 46(5) p. 44-47
_wBR9212383
909 _a202311
_bLúcia
_c55
_dLúcia Elande
942 _2AGRIS
_n0
_cANA
999 _c149485
_d149485